000 00367 a2200145 4500
005 20250625135254.0
020 _a978-1-4739-1936-5
082 _a302 OSM
100 _aOSMOND, A
245 _aAcademic Writing and Grammer for Students
250 _a2nd Ed.
260 _aLondon
_bSage Publications Ltd
_c2016.
300 _avii, 208p.
_bIndex
_c24cm
942 _2ddc
_cBKS
999 _c5089
_d5089